[Event "Bunratty Masters 2019"]
[Site "Bunratty IRL"]
[Date "2019.02.24"]
[Round "6.18"]
[White "Pein, Malcolm"]
[Black "Flynn, Jacob"]
[Result "1-0"]
[WhiteTitle "IM"]
[WhiteElo "2313"]
[BlackElo "1991"]
[BlackICU "1963"]
[WhiteClub "Wood Green ENG"]
[BlackClub "Malahide"]
[WhiteNationality "ENG"]
[BlackNationality "IRL"]
[WhiteFideId "400289"]
[BlackFideId "2509393"]
[PlyCount "67"]
[EventDate "2019.02.22"]
[Source "Live boards / tournament organizers"]

{ Event information: <a
href="https://www.irlchess.com/bunratty2019_allfiles/pairings_bunratty2019.html">Tournament
report</a>. }

1. d4 d5 2. c4 e6 3. Nf3 Nf6 4. Nc3 c6 5. Bg5 dxc4 6. e4 b5 7. e5 h6 8. Bh4
g5 9. Nxg5 hxg5 10. Bxg5 Nbd7 11. g3 Bb7 12. Bg2 Qb6 13. exf6 O-O-O 14. O-O
c5 15. d5 b4 16. Rb1 Ne5 17. Qe2 Nd3 18. dxe6 Bxg2 19. Kxg2 fxe6 20. Ne4
Bh6 21. h4 Qc6 22. f3 Rd7 23. Rbd1 Qd5 24. Qe3 Bxg5 25. hxg5 Qe5 26. g6
Qxb2+ 27. Rd2 Qe5 28. g7 Rhd8 29. Rxd3 cxd3 30. Qxc5+ Qxc5 31. Nxc5 Rc7 32.
Nxe6 Rc2+ 33. Kh3 d2 34. f7 1-0

[Event "Bunratty Masters 2019"]
[Site "Bunratty IRL"]
[Date "2019.02.24"]
[Round "6.19"]
[White "Moran, Stephen"]
[Black "Miller, Ioana"]
[Result "1/2-1/2"]
[BlackTitle "WFM"]
[WhiteElo "2155"]
[BlackElo "2185"]
[WhiteICU "2145"]
[WhiteClub "T.C.D."]
[BlackClub "T.C.D."]
[WhiteNationality "IRL"]
[BlackNationality "IRL"]
[WhiteFideId "2501872"]
[BlackFideId "1202260"]
[PlyCount "41"]
[EventDate "2019.02.22"]
[Source "Live boards / tournament organizers"]

{ Event information: <a
href="https://www.irlchess.com/bunratty2019_allfiles/pairings_bunratty2019.html">Tournament
report</a>. }

1. d4 Nf6 2. Bg5 e6 3. e4 h6 4. Bxf6 Qxf6 5. c3 g5 6. Bd3 Bg7 7. Ne2 Qe7 8.
O-O d6 9. Nd2 Nd7 10. f4 Nf6 11. Ng3 gxf4 12. Rxf4 e5 13. Nf5 Bxf5 14. Rxf5
exd4 15. cxd4 Nd7 16. Nf3 O-O 17. Qb3 c5 18. Qxb7 Rfb8 19. Qc7 Rc8 20. Qb7
Rcb8 21. Qc7 1/2-1/2

[Event "Bunratty Masters 2019"]
[Site "Bunratty IRL"]
[Date "2019.02.24"]
[Round "6.20"]
[White "Fehr, Jukka"]
[Black "Wallace, Paul"]
[Result "1/2-1/2"]
[WhiteElo "1976"]
[BlackElo "2151"]
[BlackICU "2163"]
[WhiteClub "JoeSK FIN"]
[BlackClub "Kilkenny"]
[WhiteNationality "FIN"]
[BlackNationality "IRL"]
[WhiteFideId "4674693"]
[BlackFideId "2500892"]
[PlyCount "45"]
[EventDate "2019.02.22"]
[Source "Live boards / tournament organizers"]

{ Event information: <a
href="https://www.irlchess.com/bunratty2019_allfiles/pairings_bunratty2019.html">Tournament
report</a>. }

1. d4 Nf6 2. Nf3 d6 3. c4 g6 4. Nc3 Bg7 5. e4 O-O 6. Be2 e5 7. O-O Na6 8.
h3 exd4 9. Nxd4 Re8 10. Bf3 Nd7 11. Be3 Nac5 12. b4 Ne6 13. Qd2 Ne5 14. Be2
Nxd4 15. Bxd4 c5 16. Be3 Be6 17. Nd5 Nc6 18. bxc5 dxc5 19. Bxc5 Qh4 20.
Rad1 Qxe4 21. Bd3 Qh4 22. Nc7 Ne5 23. Nxe8 1/2-1/2

[Event "Bunratty Masters 2019"]
[Site "Bunratty IRL"]
[Date "2019.02.24"]
[Round "6.21"]
[White "Melaugh, Shane"]
[Black "Delaney, Killian"]
[Result "0-1"]
[WhiteElo "2118"]
[BlackElo "2234"]
[WhiteICU "2122"]
[BlackICU "2221"]
[WhiteClub "Elm Mount"]
[BlackClub "Gonzaga"]
[WhiteNationality "IRL"]
[BlackNationality "IRL"]
[WhiteFideId "2509580"]
[BlackFideId "2501570"]
[PlyCount "46"]
[EventDate "2019.02.22"]
[Source "Live boards / tournament organizers"]

{ Event information: <a
href="https://www.irlchess.com/bunratty2019_allfiles/pairings_bunratty2019.html">Tournament
report</a>. }

1. e4 c5 2. Nf3 Nc6 3. d4 cxd4 4. c3 Nf6 5. e5 Nd5 6. Bc4 e6 7. O-O d6 8.
cxd4 dxe5 9. dxe5 Be7 10. Qe2 O-O 11. Rd1 b6 12. Nc3 Nxc3 13. bxc3 Qc7 14.
Bf4 Bb7 15. Bd3 Rfd8 16. Ng5 h6 17. Qe4 Bxg5 18. Bxg5 hxg5 19. Qh7+ Kf8 20.
Bb5 Qxe5 21. a4 Ke7 22. g3 Qf5 23. Qh5 Ne5 0-1

[Event "Bunratty Masters 2019"]
[Site "Bunratty IRL"]
[Date "2019.02.24"]
[Round "6.22"]
[White "Menzies, Colin"]
[Black "Doyle, Hugh"]
[Result "0-1"]
[WhiteElo "2170"]
[BlackElo "2040"]
[BlackICU "2022"]
[WhiteClub "Rangers ENG"]
[BlackClub "Cork"]
[WhiteNationality "IRL"]
[BlackNationality "IRL"]
[WhiteFideId "2502755"]
[BlackFideId "2500876"]
[PlyCount "42"]
[EventDate "2019.02.22"]
[Source "Live boards / tournament organizers"]

{ Event information: <a
href="https://www.irlchess.com/bunratty2019_allfiles/pairings_bunratty2019.html">Tournament
report</a>. }

1. d4 Nf6 2. g4 Nxg4 3. e4 d6 4. Nc3 e5 5. h3 exd4 6. hxg4 dxc3 7. f4 Nd7
8. g5 Nc5 9. Qd4 Qe7 10. Rh2 cxb2 11. Bxb2 Bg4 12. Be2 Bxe2 13. Rxe2 h6 14.
O-O-O hxg5 15. e5 O-O-O 16. Rde1 dxe5 17. Rxe5 Rxd4 18. Rxe7 Bxe7 19. Bxd4
Ne6 20. Nf3 Nxd4 21. Nxd4 Ba3+ 0-1

[Event "Bunratty Masters 2019"]
[Site "Bunratty IRL"]
[Date "2019.02.24"]
[Round "6.23"]
[White "Fox, Anthony"]
[Black "Artola Pola, Gerardo"]
[Result "1/2-1/2"]
[WhiteElo "2041"]
[BlackElo "1975"]
[WhiteICU "2027"]
[BlackICU "1982"]
[WhiteClub "Dun Laoghaire"]
[BlackClub "Dublin"]
[WhiteNationality "IRL"]
[BlackNationality "ARG"]
[WhiteFideId "2500736"]
[BlackFideId "150878"]
[PlyCount "55"]
[EventDate "2019.02.22"]
[Source "Live boards / tournament organizers"]

{ Event information: <a
href="https://www.irlchess.com/bunratty2019_allfiles/pairings_bunratty2019.html">Tournament
report</a>. }

1. e4 d6 2. d4 Nf6 3. Nc3 g6 4. Nf3 Bg7 5. Be2 O-O 6. O-O c5 7. d5 Na6 8.
h3 Rb8 9. Re1 Nc7 10. a4 b6 11. Bf4 Nd7 12. Qd2 a6 13. Bh6 b5 14. axb5 axb5
15. Bxg7 Kxg7 16. b3 b4 17. Na4 Re8 18. Nh2 Nf6 19. Bf1 Bd7 20. Nb2 Ra8 21.
f3 Qb8 22. Ng4 Bxg4 23. hxg4 Rxa1 24. Rxa1 Qb7 25. Qc1 Ra8 26. Ra4 Rxa4 27.
Nxa4 h6 28. g5 1/2-1/2

[Event "Bunratty Masters 2019"]
[Site "Bunratty IRL"]
[Date "2019.02.24"]
[Round "6.24"]
[White "Melaugh, Gavin"]
[Black "Nettleton, Charlie B."]
[Result "1-0"]
[WhiteElo "2078"]
[BlackElo "2064"]
[WhiteICU "2038"]
[WhiteClub "Elm Mount"]
[BlackClub "Uxbridge ENG"]
[WhiteNationality "IRL"]
[BlackNationality "ENG"]
[WhiteFideId "2509571"]
[BlackFideId "419710"]
[PlyCount "43"]
[EventDate "2019.02.22"]
[Source "Live boards / tournament organizers"]

{ Event information: <a
href="https://www.irlchess.com/bunratty2019_allfiles/pairings_bunratty2019.html">Tournament
report</a>. }

1. e4 a6 2. c4 e6 3. Nc3 h6 4. d4 Ne7 5. h4 d5 6. cxd5 exd5 7. e5 Be6 8.
Bd3 Nd7 9. f4 c5 10. Nge2 h5 11. Be3 c4 12. Bc2 b5 13. Ng3 Bg4 14. Qb1 b4
15. Nd1 Qb6 16. Nf2 Nc6 17. Nxg4 hxg4 18. Qd1 b3 19. axb3 Bb4+ 20. Kf2 g5
21. hxg5 Rxh1 22. Qxh1 1-0

[Event "Bunratty Masters 2019"]
[Site "Bunratty IRL"]
[Date "2019.02.24"]
[Round "6.25"]
[White "McDonnell, James J."]
[Black "O'Neill, Paul"]
[Result "0-1"]
[WhiteElo "1825"]
[BlackElo "2012"]
[WhiteICU "2005"]
[BlackICU "1988"]
[WhiteClub "Steatham ENG"]
[BlackClub "Elm Mount"]
[WhiteNationality "IRL"]
[BlackNationality "IRL"]
[WhiteFideId "2500787"]
[BlackFideId "2507692"]
[PlyCount "56"]
[EventDate "2019.02.22"]
[Source "Live boards / tournament organizers"]

{ Event information: <a
href="https://www.irlchess.com/bunratty2019_allfiles/pairings_bunratty2019.html">Tournament
report</a>. }

1. e4 d5 2. exd5 Nf6 3. Bb5+ Bd7 4. Bc4 b5 5. Bb3 Bg4 6. f3 Bf5 7. Qe2 Qd7
8. a4 b4 9. c4 c6 10. Qe5 cxd5 11. cxd5 Na6 12. Bc4 Nc5 13. Ke2 Rc8 14. Nh3
Nxa4 15. Ba6 Rd8 16. d6 Rb8 17. b3 Rb6 18. Bc4 e6 19. bxa4 Bxd6 20. Qe3 O-O
21. Bb5 Qc7 22. Bb2 Nd5 23. Qd4 f6 24. Rc1 Qf7 25. Qh4 Bxh3 26. gxh3 Nf4+
27. Kf1 Rxb5 28. axb5 Qg6 0-1